MARC

LEADER 00000nam0a2200000 4500
001 25641
005 20231030201037.0
010 |a 5279021946 
035 |a (RuTPU)RU\TPU\book\25878 
035 |a BOOK00025953 
090 |a 25641 
100 |a 20011209d2000 km y0rusy50 ca 
101 0 |a rus 
102 |a RU 
105 |a a gj 001zy 
200 1 |a Экология, здоровье и охрана окружающей среды в России  |e Учебное и справочное пособие  |f В. Ф. Протасов 
205 |a 2-е изд. 
210 |a Москва  |c Финансы и статистика  |d 2000 
215 |a 672 с.  |c ил. 
320 |a Библиогр.: с. 663-666. 
451 1 |0 (RuTPU)RU\TPU\book\45997  |y 5-279-02462-7  |t Экология, здоровье и охрана окружающей среды в России  |o учебное и справочное пособие для вузов  |f В. Ф. Протасов  |e 3-е изд.  |c М.  |n Финансы и статистика  |d 2001  |p 672 с.  |a Протасов, Виталий Федорович 
451 1 |0 (RuTPU)RU\TPU\book\12539  |y 5-279-02194-6  |t Экология, здоровье и охрана окружающей среды в России  |o Учебное и справочное пособие  |f В. Ф. Протасов  |c М.  |n Финансы и статистика  |d 1999  |p 671 с.  |a Протасов, Виталий Федорович 
610 1 |a природа 
610 1 |a здоровье 
610 1 |a экология 
610 1 |a окружающая среда 
610 1 |a охрана 
610 1 |a природные ресурсы 
610 1 |a загрязнение 
610 1 |a источники загрязнения 
610 1 |a контроль 
610 1 |a заповедники 
610 1 |a программа "Отходы" 
610 1 |a нормативные показатели 
610 1 |a ущерб 
610 1 |a экологический мониторинг 
610 1 |a природопользование 
610 1 |a недра 
610 1 |a полезные ископаемые 
610 1 |a научно-технический прогресс 
610 1 |a отходы 
610 1 |a экологический паспорт 
610 1 |a нормативы 
610 1 |a Россия 
610 1 |a справочники 
610 1 |a учебные пособия 
675 |a 502.3(07)  |v 3 
700 1 |a Протасов  |b В. Ф.  |g Виталий Федорович 
801 0 |a RU  |b 63413507  |c 20011209  |g PSBO 
801 2 |a RU  |b 63413507  |c 20201127  |g PSBO 
900 |a Геоэкология 
942 |c BK